<?xml version="1.0" encoding="UTF-8"?>
<record
    xmlns:xsi="http://www.w3.org/2001/XMLSchema-instance"
    xsi:schemaLocation="http://www.loc.gov/MARC21/slim http://www.loc.gov/standards/marcxml/schema/MARC21slim.xsd"
    xmlns="http://www.loc.gov/MARC21/slim">

  <leader>02178cam a22003251i 4500</leader>
  <controlfield tag="003">SA-RiAUC</controlfield>
  <controlfield tag="005">20250211081837.0</controlfield>
  <controlfield tag="008">250209s2004    su     g b   f000 0 ara c</controlfield>
  <datafield tag="017" ind1=" " ind2="8">
    <subfield code="a">1425/1053</subfield>
  </datafield>
  <datafield tag="020" ind1=" " ind2=" ">
    <subfield code="a">9960880621</subfield>
  </datafield>
  <datafield tag="040" ind1=" " ind2=" ">
    <subfield code="a">BH-JuISA</subfield>
    <subfield code="b">ara</subfield>
    <subfield code="c">SA-RiAUC.</subfield>
    <subfield code="e">rda</subfield>
  </datafield>
  <datafield tag="043" ind1=" " ind2=" ">
    <subfield code="a">a-su---</subfield>
  </datafield>
  <datafield tag="082" ind1="0" ind2="4">
    <subfield code="a">953.103</subfield>
    <subfield code="q">SA-RiAUC</subfield>
  </datafield>
  <datafield tag="090" ind1=" " ind2=" ">
    <subfield code="b">&#x632; &#x647; &#x631;</subfield>
  </datafield>
  <datafield tag="100" ind1="1" ind2=" ">
    <subfield code="a">&#x627;&#x644;&#x632;&#x647;&#x631;&#x627;&#x646;&#x64A;&#x60C; &#x62D;&#x635;&#x629; &#x628;&#x646;&#x62A; &#x62C;&#x645;&#x639;&#x627;&#x646; &#x627;&#x644;&#x647;&#x644;&#x627;&#x644;&#x64A;</subfield>
    <subfield code="e">&#x645;&#x624;&#x644;&#x641;.</subfield>
  </datafield>
  <datafield tag="245" ind1="1" ind2="2">
    <subfield code="a">&#x627;&#x644;&#x62D;&#x64A;&#x627;&#x629; &#x627;&#x644;&#x627;&#x62C;&#x62A;&#x645;&#x627;&#x639;&#x64A;&#x629; &#x648;&#x627;&#x644;&#x627;&#x642;&#x62A;&#x635;&#x627;&#x62F;&#x64A;&#x629; &#x641;&#x64A; &#x627;&#x644;&#x62F;&#x648;&#x644;&#x629; &#x627;&#x644;&#x633;&#x639;&#x648;&#x62F;&#x64A;&#x629; &#x627;&#x644;&#x62B;&#x627;&#x646;&#x64A;&#x629; (1240-1309 &#x647;&#x640;. / 1824-1891 &#x645;) /</subfield>
    <subfield code="c">&#x62D;&#x635;&#x629; &#x628;&#x646;&#x62A; &#x62C;&#x645;&#x639;&#x627;&#x646; &#x627;&#x644;&#x647;&#x644;&#x627;&#x644;&#x64A; &#x627;&#x644;&#x632;&#x647;&#x631;&#x627;&#x646;&#x64A;.</subfield>
  </datafield>
  <datafield tag="264" ind1=" " ind2="1">
    <subfield code="a">&#x627;&#x644;&#x631;&#x64A;&#x627;&#x636; :</subfield>
    <subfield code="b">&#x645;&#x643;&#x62A;&#x628;&#x629; &#x627;&#x644;&#x645;&#x644;&#x643; &#x641;&#x647;&#x62F; &#x627;&#x644;&#x648;&#x637;&#x646;&#x64A;&#x629;&#x60C;</subfield>
    <subfield code="c">2004</subfield>
  </datafield>
  <datafield tag="300" ind1=" " ind2=" ">
    <subfield code="a">912 &#x635;&#x641;&#x62D;&#x629; &#x61B;</subfield>
    <subfield code="c">24 &#x633;&#x645;.</subfield>
  </datafield>
  <datafield tag="336" ind1=" " ind2=" ">
    <subfield code="a">&#x646;&#x635;</subfield>
    <subfield code="b">txt</subfield>
    <subfield code="2">rdacontent</subfield>
    <subfield code="3">&#x643;&#x62A;&#x627;&#x628;</subfield>
  </datafield>
  <datafield tag="337" ind1=" " ind2=" ">
    <subfield code="a">&#x628;&#x62F;&#x648;&#x646; &#x648;&#x633;&#x64A;&#x637;</subfield>
    <subfield code="b">n</subfield>
    <subfield code="2">rdamedia</subfield>
  </datafield>
  <datafield tag="338" ind1=" " ind2=" ">
    <subfield code="a">&#x645;&#x62C;&#x644;&#x62F;</subfield>
    <subfield code="b">nc</subfield>
    <subfield code="2">rdacarrier</subfield>
  </datafield>
  <datafield tag="490" ind1="0" ind2=" ">
    <subfield code="a">&#x633;&#x644;&#x633;&#x644;&#x629; &#x627;&#x644;&#x631;&#x633;&#x627;&#x626;&#x644; &#x627;&#x644;&#x62C;&#x627;&#x645;&#x639;&#x64A;&#x629; &#x61B;</subfield>
    <subfield code="v">15</subfield>
  </datafield>
  <datafield tag="504" ind1=" " ind2=" ">
    <subfield code="a">&#x64A;&#x634;&#x62A;&#x645;&#x644; &#x639;&#x644;&#x649; &#x625;&#x631;&#x62C;&#x627;&#x639;&#x627;&#x62A; &#x628;&#x628;&#x644;&#x64A;&#x648;&#x62C;&#x631;&#x627;&#x641;&#x64A;&#x629;.</subfield>
  </datafield>
  <datafield tag="520" ind1="2" ind2=" ">
    <subfield code="a">&#x647;&#x630;&#x627; &#x627;&#x644;&#x643;&#x62A;&#x627;&#x628; &#x64A;&#x62A;&#x646;&#x627;&#x648;&#x644; &#x627;&#x644;&#x62D;&#x64A;&#x627;&#x629; &#x627;&#x644;&#x627;&#x62C;&#x62A;&#x645;&#x627;&#x639;&#x64A;&#x629; &#x648;&#x627;&#x644;&#x627;&#x642;&#x62A;&#x635;&#x627;&#x62F;&#x64A;&#x629; &#x641;&#x64A; &#x627;&#x644;&#x62F;&#x648;&#x644;&#x629; &#x627;&#x644;&#x633;&#x639;&#x648;&#x62F;&#x64A;&#x629; &#x627;&#x644;&#x62B;&#x627;&#x646;&#x64A;&#x629; &#x627;&#x644;&#x645;&#x645;&#x62A;&#x62F;&#x629; &#x628;&#x64A;&#x646; &#x639;&#x627;&#x645;&#x64A; 1240-1309 &#x647;&#x640; &#x648;&#x64A;&#x631;&#x633;&#x645; &#x628;&#x627;&#x635;&#x648;&#x631;&#x629; &#x648;&#x627;&#x644;&#x643;&#x644;&#x645;&#x629; &#x627;&#x644;&#x648;&#x627;&#x642;&#x639; &#x627;&#x644;&#x645;&#x639;&#x64A;&#x634;&#x64A; &#x627;&#x644;&#x630;&#x64A; &#x643;&#x627;&#x646; &#x64A;&#x639;&#x64A;&#x634;&#x647; &#x623;&#x628;&#x646;&#x627;&#x621; &#x627;&#x644;&#x62C;&#x632;&#x64A;&#x631;&#x629; &#x627;&#x644;&#x639;&#x631;&#x628;&#x64A;&#x629; &#x641;&#x64A; &#x62A;&#x644;&#x643; &#x627;&#x644;&#x641;&#x62A;&#x631;&#x629;&#x60C; &#x648;&#x645;&#x627; &#x643;&#x627;&#x646;&#x648;&#x627; &#x64A;&#x645;&#x627;&#x631;&#x633;&#x648;&#x646;&#x647; &#x645;&#x646; &#x623;&#x646;&#x634;&#x637;&#x629; &#x627;&#x642;&#x62A;&#x635;&#x627;&#x62F;&#x64A;&#x629;&#x60C; &#x648;&#x645;&#x627; &#x64A;&#x62F;&#x648;&#x631; &#x628;&#x64A;&#x646;&#x647;&#x645; &#x645;&#x646; &#x639;&#x627;&#x62F;&#x627;&#x62A; &#x648;&#x62A;&#x642;&#x627;&#x644;&#x64A;&#x62F; &#x648;&#x64A;&#x628;&#x64A;&#x646; &#x627;&#x644;&#x646;&#x633;&#x642; &#x627;&#x644;&#x627;&#x62C;&#x62A;&#x645;&#x627;&#x639;&#x64A; &#x627;&#x644;&#x630;&#x64A; &#x627;&#x644;&#x62A;&#x623;&#x645; &#x639;&#x644;&#x64A;&#x647; &#x630;&#x644;&#x643; &#x627;&#x644;&#x645;&#x62C;&#x62A;&#x645;&#x639; &#x648;&#x64A;&#x638;&#x647;&#x631; &#x62A;&#x623;&#x62B;&#x64A;&#x631; &#x627;&#x644;&#x62D;&#x64A;&#x627;&#x629; &#x627;&#x644;&#x633;&#x64A;&#x627;&#x633;&#x64A;&#x629; &#x648;&#x627;&#x644;&#x639;&#x644;&#x645;&#x64A;&#x629; &#x641;&#x64A;&#x647;.</subfield>
  </datafield>
  <datafield tag="651" ind1=" " ind2="7">
    <subfield code="a">&#x627;&#x644;&#x633;&#x639;&#x648;&#x62F;&#x64A;&#x629;</subfield>
    <subfield code="x">&#x62A;&#x627;&#x631;&#x64A;&#x62E;</subfield>
    <subfield code="y">&#x627;&#x644;&#x62F;&#x648;&#x644;&#x629; &#x627;&#x644;&#x633;&#x639;&#x648;&#x62F;&#x64A;&#x629; &#x627;&#x644;&#x62B;&#x627;&#x646;&#x64A;&#x629;&#x60C; 1238-1309 &#x647;&#x62C;&#x631;&#x64A;.</subfield>
    <subfield code="2">aucsh</subfield>
  </datafield>
  <datafield tag="651" ind1=" " ind2="7">
    <subfield code="a">&#x627;&#x644;&#x633;&#x639;&#x648;&#x62F;&#x64A;&#x629;</subfield>
    <subfield code="x">&#x623;&#x62D;&#x648;&#x627;&#x644; &#x627;&#x62C;&#x62A;&#x645;&#x627;&#x639;&#x64A;&#x629;</subfield>
    <subfield code="y">&#x627;&#x644;&#x62F;&#x648;&#x644;&#x629; &#x627;&#x644;&#x633;&#x639;&#x648;&#x62F;&#x64A;&#x629; &#x627;&#x644;&#x62B;&#x627;&#x646;&#x64A;&#x629;&#x60C; 1238-1309 &#x647;&#x62C;&#x631;&#x64A;</subfield>
    <subfield code="2">aucsh</subfield>
  </datafield>
  <datafield tag="651" ind1=" " ind2="7">
    <subfield code="a">&#x627;&#x644;&#x633;&#x639;&#x648;&#x62F;&#x64A;&#x629;</subfield>
    <subfield code="x">&#x623;&#x62D;&#x648;&#x627;&#x644; &#x627;&#x642;&#x62A;&#x635;&#x627;&#x62F;&#x64A;&#x629;</subfield>
    <subfield code="y">&#x627;&#x644;&#x62F;&#x648;&#x644;&#x629; &#x627;&#x644;&#x633;&#x639;&#x648;&#x62F;&#x64A;&#x629; &#x627;&#x644;&#x62B;&#x627;&#x646;&#x64A;&#x629;&#x60C; 1238-1309 &#x647;&#x62C;&#x631;&#x64A;</subfield>
    <subfield code="2">aucsh</subfield>
  </datafield>
  <datafield tag="942" ind1=" " ind2=" ">
    <subfield code="2">ddc</subfield>
    <subfield code="c">BOOK</subfield>
    <subfield code="n">0</subfield>
  </datafield>
  <datafield tag="949" ind1=" " ind2=" ">
    <subfield code="a">SA-JeALM</subfield>
    <subfield code="d">250209</subfield>
    <subfield code="u">mohamedma123</subfield>
    <subfield code="n">1</subfield>
  </datafield>
  <datafield tag="952" ind1=" " ind2=" ">
    <subfield code="0">0</subfield>
    <subfield code="1">0</subfield>
    <subfield code="2">ddc</subfield>
    <subfield code="4">0</subfield>
    <subfield code="7">0</subfield>
    <subfield code="a">WAHAB</subfield>
    <subfield code="b">WAHAB</subfield>
    <subfield code="d">2025-02-11</subfield>
    <subfield code="l">0</subfield>
    <subfield code="o">953.103 &#x632; &#x647; &#x631;</subfield>
    <subfield code="p">000009952</subfield>
    <subfield code="r">2025-02-11 08:19:20</subfield>
    <subfield code="w">2025-02-11</subfield>
    <subfield code="y">BOOK</subfield>
  </datafield>
  <datafield tag="999" ind1=" " ind2=" ">
    <subfield code="c">5838</subfield>
    <subfield code="d">5838</subfield>
  </datafield>
</record>
